000 00389nam a2200121Ia 4500
008 220620s9999||||xx |||||||||||||| ||und||
245 0 _aViscoelasticity
_bFrom Theory to Biological Applications
546 _aEnglish[eng]
650 _aMechanics of fluids
700 _ade Vicente, Juan
856 _uhttps://mts.intechopen.com/storage/books/2854/authors_book/authors_book.pdf
942 _cEB
999 _c27010
_d27010